01272nam a2200253 a 4500001001000000005001700010008004100027041000800068044000700076084002300083100006000106245006900166260002400235300002700259500003600286500013300322500002800455500014700483500009900630506009200729546005200821600006000873650008500933BRCA_519020190320204957.0241110m18041805mx-######v---#000-0#spa-# aspa amx aDOC147b.A76c18041 aArozqueta, AgustíncCorregidor de la Ciudad de Toluca10aDocumento expedido por Agustín ArozquetacAgustín Arozqueta. aMéxicoc1804-1805 a[30] fojasc31 x 22 cm aDocumento expedido en 1804-1805 aDon Agustín Arozqueta, Corregidor de la Ciudad de Toluca, da cuenta y certificación de los gravámenes en su jurisdicción aPapel con marca de agua aEn la parte superior sello español e inscripción que dice: SELLO SEGUNDO DOCE REALES. AÑO DE MIL OCHOCIENTOS QUATRO, Y OCHOCIENTOS CINCO aEstado de conservación: contiene manchas de acido, márgenes maltratados, y mancha de tinta0 aFondo reservado: para su consulta es necesario credencial de usuario y carta de motivos aTexto en: español de principios del siglo XIX14aArozqueta, AgustíncCorregidor de la Ciudad de Toluca14aDocumentos legalesvImpreso con manuscritoxHistoriayColonia, 1521-1821zToluca